| 000 | 00412nam a2200169 a 4500 | ||
|---|---|---|---|
| 001 | 0000-9154 | ||
| 003 | ELIB.Books | ||
| 008 | 110520 1954 | ||
| 035 | _a(ELIB.Books)0000-9306 | ||
| 082 |
_aFic _bMob |
||
| 100 | _aMoberg, Vilhelm | ||
| 245 | _aUnto A Good Land | ||
| 260 |
_bNew York: Simon and Schuster _c1954 |
||
| 650 | _aFiction | ||
| 942 |
_2ddc _cBK |
||
| 998 |
_cbat _e2011-05-20 |
||
| 999 |
_c9154 _d9154 |
||